[Event "World Blitz Championship"]
[Site "Moscow RUS"]
[Date "2010.11.17"]
[EventDate "2010.11.16"]
[Round "22.4"]
[Result "1-0"]
[White "Boris Savchenko"]
[Black "Sergey Karjakin"]
[WhiteElo "2632"]
[BlackElo "2760"]
[PlyCount "63"]

1. e4 e5 2. Nf3 Nc6 3. d4 exd4 4. Bc4 Nf6 5. O-O Nxe4 6. Re1
d5 7. Bxd5 Qxd5 8. Nc3 Qa5 9. Nxe4 Be6 10. Bg5 h6 11. Bh4 Bb4
12. c3 dxc3 13. bxc3 Ba3 14. Qb1 O-O 15. Nf6+ gxf6 16. Rxe6
Bb2 17. Rxf6 Qxc3 18. Qf5 Ne7 19. Qg4+ Ng6 20. Rd1 Qc2 21. Ne1
Qc3 22. Nd3 Qd4 23. Rf4 Qg7 24. Nxb2 Qxb2 25. Bf6 Qc2 26. h4
h5 27. Qxh5 Rad8 28. Rf1 Rd6 29. Qh6 Rxf6 30. Rxf6 Qc3 31. Qg5
Kh7 32. h5 1-0

[Event "World Blitz Championship"]
[Site "Moscow RUS"]
[Date "2010.11.17"]
[EventDate "2010.11.16"]
[Round "23.8"]
[Result "1/2-1/2"]
[White "Sergey Karjakin"]
[Black "Ian Nepomniachtchi"]
[WhiteElo "2760"]
[BlackElo "2720"]
[PlyCount "154"]

1. Nf3 Nf6 2. g3 g6 3. Bg2 d5 4. O-O Bg7 5. d3 O-O 6. Nbd2 d4
7. Nb3 Nc6 8. c3 dxc3 9. bxc3 Nd5 10. c4 Ndb4 11. Bd2 a5
12. a3 Na6 13. Rb1 a4 14. Nc1 Nc5 15. Rb5 Qd6 16. Qc2 Ne6
17. e3 Qxa3 18. d4 Bxd4 19. exd4 Nexd4 20. Qe4 Bf5 21. Qf4
Nxb5 22. cxb5 Nd8 23. Bb4 Qb2 24. Bxe7 Ne6 25. Qh4 Rfe8
26. Bf6 Qa3 27. h3 Qf8 28. Ne5 g5 29. Qc4 Qh6 30. Nd7 Nf8
31. Ba1 Nxd7 32. g4 Be6 33. Qc3 f6 34. Bxb7 Ra7 35. Bc6 Qf8
36. Qd4 Raa8 37. Bxd7 Bxd7 38. Qxd7 Qf7 39. Qd4 a3 40. Nd3 a2
41. Qc3 Rad8 42. Nb4 Re4 43. Qb2 h5 44. gxh5 Rdd4 45. Nxa2
Rg4+ 46. Kh2 Qxh5 47. Qxd4 Rxd4 48. Bxd4 Qe2 49. Ra1 Qxb5
50. Nc3 Qc4 51. Bxf6 Qf4+ 52. Kg2 Qxf6 53. Rc1 Qc6+ 54. f3 Kg7
55. Ne2 Qd7 56. Rc2 Qe7 57. Ng3 Kg6 58. Rc6+ Kh7 59. Ne4 Qe5
60. Rc5 Qf4 61. Nxg5+ Kg8 62. Rd5 Qc4 63. Re5 Qc3 64. Rd5 c6
65. Rd8+ Kg7 66. Ne4 Qc1 67. Rc8 Kf7 68. h4 Ke6 69. h5 Kd7
70. Rg8 Qh6 71. Rg6 Qh8 72. h6 Ke7 73. Rg7+ Ke6 74. Ng5+ Kf6
75. Ne4+ Ke6 76. Rg6+ Kf5 77. Rf6+ Qxf6 1/2-1/2

[Event "Moscow TCh-Student Final"]
[Site "Moscow RUS"]
[Date "2010.11.30"]
[EventDate "2010.11.28"]
[Round "2"]
[Result "1/2-1/2"]
[White "Farrukh Amonatov"]
[Black "Sergey Karjakin"]
[WhiteElo "2594"]
[BlackElo "2760"]
[PlyCount "47"]

1. e4 e5 2. Nf3 Nc6 3. Bb5 Nf6 4. O-O Nxe4 5. d4 Nd6 6. Bxc6
dxc6 7. dxe5 Nf5 8. Qxd8+ Kxd8 9. Nc3 Ke8 10. h3 h5 11. Bg5
Be6 12. a3 Be7 13. Rad1 h4 14. Rfe1 Rd8 15. Rxd8+ Kxd8 16. Ne4
Bd5 17. Kh2 Bxg5 18. Nexg5 Ke7 19. Rd1 a5 20. Nd4 Nxd4
21. Rxd4 Rh5 22. f4 f6 23. exf6+ gxf6 24. c4 1/2-1/2

[Event "Piterenka Rapid 2012"]
[Site "Moscow RUS"]
[Date "2012.12.29"]
[EventDate "2012.12.29"]
[Round "3"]
[Result "1/2-1/2"]
[White "Alexander Grischuk"]
[Black "Sergey Karjakin"]
[WhiteElo "2764"]
[BlackElo "2775"]
[PlyCount "74"]

1. d4 d5 2. c4 dxc4 3. Nf3 Nf6 4. Nc3 a6 5. e4 b5 6. e5 Nd5
7. a4 e6 8. axb5 Bb4 9. Qc2 Nb6 10. Qe4 Qd5 11. Qg4 axb5
12. Rxa8 Qxa8 13. Be2 Kf8 14. O-O Bxc3 15. bxc3 h6 16. Qh4 Nc6
17. Ng5 Ne7 18. Bf3 Bb7 19. Bxb7 Qxb7 20. Ba3 Nd5 21. Ne4 b4
22. Bxb4 Nxb4 23. cxb4 Qxb4 24. Ra1 Qb8 25. Nc5 Qe8 26. Rc1
Qa8 27. h3 c3 28. Qf4 Nd5 29. Qf3 Qa3 30. Rc2 Ke7 31. Ne4 Qb3
32. Qd3 Rb8 33. Kh2 Kf8 34. Nc5 Qb1 35. Nd7+ Ke7 36. Nxb8 Qxb8
37. Rxc3 Nxc3 1/2-1/2

[Event "Piterenka Blitz 2012"]
[Site "Moscow RUS"]
[Date "2012.12.29"]
[EventDate "2012.12.29"]
[Round "4"]
[Result "1/2-1/2"]
[White "Ian Nepomniachtchi"]
[Black "Sergey Karjakin"]
[WhiteElo "2707"]
[BlackElo "2775"]
[PlyCount "73"]

1. e4 e5 2. Nf3 Nc6 3. d4 exd4 4. Nxd4 Nf6 5. Nc3 Bb4 6. Nxc6
bxc6 7. Bd3 d5 8. exd5 cxd5 9. O-O O-O 10. h3 c6 11. Qf3 Bd6
12. Bf4 Be6 13. b3 c5 14. Rad1 Bxf4 15. Qxf4 Qa5 16. Qd2 c4
17. Be2 Rac8 18. Ne4 Qxd2 19. Nxf6+ gxf6 20. Rxd2 Rfe8 21. Bf3
Bf5 22. Rc1 Red8 23. Rxd5 Rxd5 24. Bxd5 c3 25. g4 Bg6 26. f4
f5 27. g5 Bh5 28. Re1 Rd8 29. Re5 Bd1 30. Bc4 Rd2 31. Rxf5
Bxc2 32. Rxf7 Bd3 33. Be6 Re2 34. Rf6+ Kg7 35. Rf7+ Kg8
36. Rf6+ Kg7 37. Rf7+ 1/2-1/2

[Event "Aeroflot Rapid Finals"]
[Site "Moscow RUS"]
[Date "2013.02.16"]
[EventDate "2013.02.16"]
[Round "1.1"]
[Result "1/2-1/2"]
[White "Dmitry Frolyanov"]
[Black "Sergey Karjakin"]
[WhiteElo "2563"]
[BlackElo "2786"]
[PlyCount "112"]

1. e4 e5 2. Nf3 Nc6 3. Bb5 Nf6 4. O-O Nxe4 5. Re1 Nd6 6. Nxe5
Be7 7. Bf1 Nxe5 8. Rxe5 O-O 9. d4 Bf6 10. Re1 Re8 11. c3 Rxe1
12. Qxe1 Nf5 13. Bf4 c6 14. Nd2 d5 15. Nf3 Nd6 16. Be5 Bg4
17. Bxf6 Qxf6 18. Ne5 Bf5 19. Qe3 Re8 20. Qf4 Qd8 21. h3 f6
22. Nf3 g5 23. Qd2 Kg7 24. Re1 h5 25. Rxe8 Qxe8 26. h4 g4
27. Qf4 Qe7 28. Nd2 Bg6 29. f3 gxf3 30. gxf3 Nf5 31. Kf2 Qd6
32. Qxd6 Nxd6 33. Bh3 Bf5 34. Bf1 Bg6 35. Bh3 a5 36. Ke3 Kf7
37. Kf4 Ke7 38. Nf1 Bb1 39. Ne3 Bxa2 40. Nf5+ Nxf5 41. Bxf5
Kf7 42. Bc8 b6 43. Bb7 c5 44. Ke3 Ke7 45. Bc6 Bc4 46. Kd2 cxd4
47. cxd4 b5 48. Kc2 b4 49. b3 Kd6 50. bxc4 Kxc6 51. c5 a4
52. Kb2 Kb5 53. Ka2 f5 54. f4 Ka5 55. Kb2 Kb5 56. Ka2 Ka5
1/2-1/2

[Event "Aeroflot Rapid Finals"]
[Site "Moscow RUS"]
[Date "2013.02.17"]
[EventDate "2013.02.16"]
[Round "3.1"]
[Result "1/2-1/2"]
[White "Ian Nepomniachtchi"]
[Black "Sergey Karjakin"]
[WhiteElo "2703"]
[BlackElo "2786"]
[PlyCount "117"]

1. c4 Nf6 2. Nc3 e5 3. g3 d5 4. cxd5 Nxd5 5. Bg2 Nb6 6. e3 Nc6
7. Nge2 Bd6 8. O-O O-O 9. f4 exf4 10. Nxf4 f5 11. b3 Ne7
12. Bb2 c6 13. Nce2 Ng6 14. Qc2 Qe8 15. Rae1 Be5 16. Nd4 Nxf4
17. gxf4 Bf6 18. a4 Qf7 19. Nf3 Be6 20. Bxf6 Qxf6 21. a5 Nd5
22. Ne5 Rad8 23. Rf3 Kh8 24. Rg3 Ne7 25. Kh1 Bd5 26. Rg1 g6
27. d4 a6 28. Bxd5 Rxd5 29. Rh3 Rg8 30. Qc3 Rg7 31. Rhg3 Kg8
32. Qc4 Kf8 33. Qb4 Rb5 34. Nd7+ Kf7 35. Qxb5 cxb5 36. Nxf6
Kxf6 37. Rc1 Nc6 38. Rg2 Nxa5 39. Rb2 Re7 40. Rc3 Nc6 41. b4
Ke6 42. Kg2 Kd6 43. Kf3 Re8 44. Rc5 Ne7 45. d5 b6 46. Rc3 Nxd5
47. Rd3 Ke6 48. Rbd2 Rd8 49. Rd4 Rd6 50. e4 fxe4+ 51. Rxe4+
Kd7 52. Red4 Ke6 53. h4 a5 54. Re2+ Kd7 55. Red2 Ke6 56. Re2+
Kd7 57. Red2 Ke6 58. Re4+ Kd7 59. Red4 1/2-1/2

[Event "Aeroflot Rapid Finals"]
[Site "Moscow RUS"]
[Date "2013.02.17"]
[EventDate "2013.02.16"]
[Round "3.2"]
[Result "1/2-1/2"]
[White "Sergey Karjakin"]
[Black "Ian Nepomniachtchi"]
[WhiteElo "2786"]
[BlackElo "2703"]
[PlyCount "146"]

1. e4 e6 2. d4 d5 3. Nc3 Bb4 4. e5 c5 5. a3 Bxc3+ 6. bxc3 Ne7
7. Qg4 Qc7 8. Qxg7 Rg8 9. Qxh7 cxd4 10. Ne2 Nbc6 11. f4 dxc3
12. Nxc3 Nd4 13. Bb2 Bd7 14. O-O-O Ndf5 15. Qh3 Qc5 16. Rd2
O-O-O 17. g4 Ne3 18. Nd1 Nxf1 19. Rxf1 Bb5 20. Re1 Nc6 21. f5
d4 22. fxe6 fxe6 23. Nf2 Nxe5 24. Ne4 Qc6 25. Bxd4 Nd3+
26. Rxd3 Bxd3 27. Qxd3 e5 28. Nf6 Qxf6 29. Qc3+ Qc6 30. Qxc6+
bxc6 31. Bxa7 Rxg4 32. Rxe5 Rg2 33. Be3 Rxh2 34. Rc5 Kb7
35. Rc3 Rh5 36. Rb3+ Kc8 37. Kb2 Rf5 38. Rc3 Kc7 39. Rb3 Ra8
40. Rb4 c5 41. Rf4 Rh5 42. Rf3 Kc6 43. Bd2 Rh2 44. Bf4 Rh7
45. Rc3 Rb7+ 46. Ka2 Ra4 47. Be3 Rb5 48. Rb3 Rg4 49. Rxb5 Kxb5
50. Kb2 Rg3 51. Bf4 Rf3 52. Be5 c4 53. Bc3 Ka4 54. Bb4 Rh3
55. Bc3 Kb5 56. Bb4 Kc6 57. Bc3 Kd5 58. Ba5 Rh7 59. Bb4 Rb7
60. Kc3 Rb8 61. Ba5 Kc5 62. Bb4+ Kb5 63. Bd6 Rc8 64. Bb4 Rg8
65. Kb2 Rg3 66. Bc3 Rf3 67. Bb4 Rh3 68. Bc3 Kc5 69. Ba5 Kd4
70. Bb6+ Ke4 71. Ba5 Rh5 72. Bb4 Kd4 73. Bc3+ Kc5 1/2-1/2

[Event "Sberbank GM Rapid"]
[Site "Kiev UKR"]
[Date "2013.06.07"]
[EventDate "2013.06.05"]
[Round "8"]
[Result "1/2-1/2"]
[White "Evgeny Tomashevsky"]
[Black "Sergey Karjakin"]
[WhiteElo "2709"]
[BlackElo "2782"]
[PlyCount "63"]

1. d4 Nf6 2. c4 e6 3. Nc3 Bb4 4. e3 O-O 5. Nge2 d5 6. a3 Be7
7. cxd5 exd5 8. Nf4 c6 9. Bd3 Na6 10. b4 Nc7 11. Bd2 a6
12. O-O Nb5 13. a4 Nxc3 14. Bxc3 Bd6 15. b5 Ne4 16. Be1 axb5
17. axb5 Rxa1 18. Qxa1 Re8 19. bxc6 bxc6 20. f3 Bxf4 21. exf4
Nd6 22. g4 f5 23. h3 Nc4 24. Qc1 Be6 25. Bf2 Qd7 26. Re1 g6
27. Qc2 Qf7 28. Bg3 Kf8 29. Qf2 Bd7 30. Bh4 Rxe1+ 31. Qxe1 Qe6
32. Qxe6 1/2-1/2

[Event "FIDE Grand Prix Beijing"]
[Site "Beijing CHN"]
[Date "2013.07.09"]
[EventDate "2013.07.04"]
[Round "5"]
[Result "1/2-1/2"]
[White "Boris Gelfand"]
[Black "Sergey Karjakin"]
[WhiteElo "2773"]
[BlackElo "2776"]
[PlyCount "98"]

1. d4 Nf6 2. c4 e6 3. Nf3 b6 4. g3 Ba6 5. b3 Bb4+ 6. Bd2 Be7
7. Nc3 O-O 8. Rc1 d5 9. cxd5 exd5 10. Bg2 Nbd7 11. O-O Re8
12. Ne5 Bb7 13. Nd3 a5 14. Bf4 c6 15. Rc2 Nf8 16. Bg5 Ne6
17. Bxf6 Bxf6 18. e3 Ba6 19. Qd2 Qd6 20. Rfc1 Rab8 21. h4 g6
22. Ne2 Rbc8 23. Nef4 Nxf4 24. Nxf4 Be7 25. Nd3 Qe6 26. Nf4
Qd6 27. Bh3 Rc7 28. Nd3 Ra8 29. a4 Bb7 30. Qd1 Qd8 31. Qf3 Ba3
32. Ra1 Bd6 33. Rac1 Qe7 34. Nf4 Rd8 35. Bg2 Kg7 36. Qg4 Ba3
37. Ra1 Bc8 38. Qg5 Qxg5 39. hxg5 Bd6 40. Rac1 Bxf4 41. gxf4
Rd6 42. Kh2 h5 43. Bh3 Bf5 44. Bxf5 gxf5 45. Kg3 Kg6 46. Kh4
Rc8 47. Rc3 Rc7 48. R3c2 Rc8 49. Rc3 Rc7 1/2-1/2

[Event "Gashimov Memorial"]
[Site "Shamkir AZE"]
[Date "2014.04.20"]
[EventDate "2014.04.20"]
[Round "1"]
[Result "1/2-1/2"]
[White "Sergey Karjakin"]
[Black "Teimour Radjabov"]
[WhiteElo "2772"]
[BlackElo "2713"]
[PlyCount "107"]

1. e4 e6 2. d4 d5 3. Nd2 c5 4. exd5 Qxd5 5. Ngf3 cxd4 6. Bc4
Qd6 7. O-O Nf6 8. Nb3 Nc6 9. Nbxd4 Nxd4 10. Nxd4 a6 11. Re1
Qc7 12. Qe2 Bc5 13. c3 b5 14. Bb3 O-O 15. Bg5 Bb7 16. Bxf6
gxf6 17. Qh5 Bxd4 18. cxd4 Qf4 19. Re3 Be4 20. g3 Qf5 21. Qxf5
Bxf5 22. g4 Bg6 23. f4 f5 24. g5 Kg7 25. Rd1 h6 26. gxh6+ Kxh6
27. Kf2 Kg7 28. d5 exd5 29. Rxd5 Rae8 30. Rxe8 Rxe8 31. Bc2
Rh8 32. Kg3 Re8 33. Rd2 Re3+ 34. Kf2 Rh3 35. Kg2 Re3 36. Kf2
Rh3 37. Ke1 Bh5 38. Bxf5 Re3+ 39. Kf1 b4 40. Bd3 Rf3+ 41. Kg2
Rxf4 42. Bxa6 f5 43. Rf2 Rg4+ 44. Kf1 Rh4 45. Be2 Bf7 46. Bd3
f4 47. a4 bxa3 48. bxa3 Rh3 49. Rd2 Be8 50. Ke1 Kf6 51. Kd1
Ke5 52. Re2+ Kd4 53. Bf5 Ba4+ 54. Kd2 1/2-1/2

[Event "FIDE Grand Prix Tashkent"]
[Site "Tashkent UZB"]
[Date "2014.10.21"]
[EventDate "2014.10.21"]
[Round "1.6"]
[Result "1/2-1/2"]
[White "Teimour Radjabov"]
[Black "Sergey Karjakin"]
[WhiteElo "2726"]
[BlackElo "2767"]
[PlyCount "89"]

1. e4 e5 2. Nc3 Nf6 3. g3 d5 4. exd5 Nxd5 5. Bg2 Nxc3 6. bxc3
Bd6 7. Nf3 O-O 8. O-O Nc6 9. Rb1 h6 10. d3 Rb8 11. Nh4 Be6
12. Qh5 Ne7 13. f4 exf4 14. gxf4 Nd5 15. Bxd5 Bxd5 16. Nf5 Bc6
17. Be3 Qf6 18. Bd4 Qg6+ 19. Qxg6 fxg6 20. Nxd6 cxd6 21. Rbe1
Rbe8 22. Rxe8 Rxe8 23. Bxa7 Ra8 24. Bb6 Rxa2 25. Rf2 Ba4
26. Bc7 d5 27. Be5 Kf7 28. Kg2 h5 29. h4 Bd7 30. Kg1 Bg4
31. Bd4 b5 32. Be5 Ra7 33. Kg2 Ke6 34. Bd4 Re7 35. Be5 Kf5
36. Rf1 Ra7 37. Rb1 g5 38. Bd4 Ra2 39. fxg5 Rxc2+ 40. Kg3 Rd2
41. Bxg7 Rxd3+ 42. Kf2 Rh3 43. Rxb5 Rxh4 44. Rxd5+ Kg6 45. Be5
1/2-1/2

[Event "FIDE Grand Prix Tashkent"]
[Site "Tashkent UZB"]
[Date "2014.10.22"]
[EventDate "2014.10.20"]
[Round "2"]
[Result "1/2-1/2"]
[White "Boris Gelfand"]
[Black "Sergey Karjakin"]
[WhiteElo "2748"]
[BlackElo "2767"]
[PlyCount "81"]

1. d4 Nf6 2. c4 e6 3. Nf3 b6 4. g3 Ba6 5. Qb3 Nc6 6. Nbd2 Na5
7. Qa4 Bb7 8. Bg2 c5 9. dxc5 bxc5 10. O-O Be7 11. Re1 Qc7
12. e4 Bc6 13. Qa3 d6 14. e5 dxe5 15. Nxe5 Bxg2 16. Kxg2 O-O
17. Qa4 Rfc8 18. Ndf3 Nc6 19. Nxc6 Qxc6 20. Qxc6 Rxc6 21. Bf4
Rb6 22. Re2 Kf8 23. Rd1 Ke8 24. Ne5 Rd8 25. Rxd8+ Bxd8 26. Be3
Be7 27. Nd3 Ra6 28. b3 Nd7 29. g4 Rc6 30. f4 f5 31. Kf3 Kf7
32. g5 h6 33. h4 Rc8 34. Bf2 hxg5 35. hxg5 Rh8 36. Kg2 g6
37. Rd2 Rc8 38. Ne1 Ke8 39. Nf3 Rc6 40. Rd1 Ra6 41. Rd2
1/2-1/2

[Event "FIDE Grand Prix Tashkent"]
[Site "Tashkent UZB"]
[Date "2014.10.26"]
[EventDate "2014.10.20"]
[Round "5"]
[Result "0-1"]
[White "Sergey Karjakin"]
[Black "Baadur Jobava"]
[WhiteElo "2767"]
[BlackElo "2717"]
[PlyCount "62"]

1. e4 c6 2. Nf3 d5 3. Nc3 dxe4 4. Nxe4 Nf6 5. Nxf6+ exf6
6. Bc4 Qe7+ 7. Be2 Qc7 8. d4 Bd6 9. O-O O-O 10. h3 Rd8 11. Be3
Nd7 12. c4 Nf8 13. Bd3 Ng6 14. Qc2 Be6 15. Rfe1 Qd7 16. Bd2
Bxh3 17. gxh3 Qxh3 18. Bxg6 hxg6 19. Re3 g5 20. c5 Bf4 21. Rb3
Bc7 22. Qc4 Qh5 23. Kg2 Qg4+ 24. Kf1 Re8 25. Re1 Qh3+ 26. Kg1
Rxe1+ 27. Bxe1 Qg4+ 28. Kf1 Re8 29. Ng1 Bh2 30. Ne2 Rxe2
31. Rxb7 Re6 0-1

[Event "Tal Memorial Blitz"]
[Site "Sochi RUS"]
[Date "2014.11.13"]
[EventDate "2014.11.13"]
[Round "2.4"]
[Result "1/2-1/2"]
[White "Sergey Karjakin"]
[Black "Peter Svidler"]
[WhiteElo "2770"]
[BlackElo "2743"]
[PlyCount "82"]

1. Nf3 c5 2. e4 e6 3. d4 cxd4 4. Nxd4 a6 5. Bd3 Bc5 6. Nb3 Be7
7. O-O d6 8. Qg4 g6 9. Qe2 Nd7 10. c4 Ne5 11. Nc3 Nf6 12. Bh6
Neg4 13. Bg7 Rg8 14. Bxf6 Nxf6 15. f4 Kf8 16. e5 Nd7 17. exd6
Bxd6 18. Ne4 Be7 19. c5 Kg7 20. Rac1 Nf6 21. Rfd1 Qc7 22. Qf2
Rd8 23. Nxf6 Bxf6 24. Be4 Bd7 25. Nd4 a5 26. g3 Be8 27. b3
Rac8 28. a3 Rd7 29. Rd3 Qd8 30. Rcd1 Qe7 31. b4 axb4 32. axb4
Rdd8 33. Nf3 Rxd3 34. Rxd3 b6 35. cxb6 Qxb4 36. b7 Rb8 37. Qe3
Rxb7 38. Bxb7 Qxb7 39. Ne5 h5 40. Rd2 Qb1+ 41. Kg2 Qb7+
1/2-1/2

[Event "Tal Memorial Blitz"]
[Site "Sochi RUS"]
[Date "2014.11.13"]
[EventDate "2014.11.13"]
[Round "3.5"]
[Result "1/2-1/2"]
[White "Evgeny Tomashevsky"]
[Black "Sergey Karjakin"]
[WhiteElo "2714"]
[BlackElo "2770"]
[PlyCount "134"]

1. d4 d5 2. c4 dxc4 3. Nf3 Nf6 4. e3 e6 5. Bxc4 c5 6. O-O a6
7. b3 b6 8. Bb2 Bb7 9. dxc5 Qxd1 10. Rxd1 Bxc5 11. Be2 Nbd7
12. Nbd2 O-O 13. Nc4 Rfd8 14. Rac1 b5 15. Nce5 Rac8 16. Kf1 h6
17. Nxd7 Rxd7 18. Ne5 Rdc7 19. Bf3 Ne4 20. Bxe4 Bxe4 21. f3
Bb7 22. Ke2 f6 23. Nd3 Bd6 24. Rxc7 Rxc7 25. Nf4 Rc2+ 26. Rd2
Rxd2+ 27. Kxd2 Kf7 28. h3 e5 29. Ne2 f5 30. Nc3 Ke6 31. e4 b4
32. exf5+ Kxf5 33. Ne2 g6 34. Ng3+ Kf4 35. Ne2+ Kg5 36. Kd3 h5
37. Bc1+ Kf6 38. Ng3 Ke6 39. Ne4 Bf8 40. Ng5+ Kd5 41. Ne4 Bc6
42. h4 a5 43. Nf6+ Ke6 44. Ne4 Bb5+ 45. Ke3 a4 46. bxa4 Bxa4
47. Bb2 Bc2 48. Nd2 Kd5 49. Ke2 Be7 50. g3 Bc5 51. Ke1 Bd4
52. Bc1 Bc5 53. Ke2 e4 54. fxe4+ Bxe4 55. Nb3 Bd6 56. Bd2 Bb1
57. Nc1 Kc4 58. Kf2 Be5 59. Kf3 Bb2 60. Ke2 Bd4 61. Kf3 Be5
62. Kf2 Bxa2 63. Bxb4 Bb1 64. Bd2 Be4 65. Bg5 Kc3 66. Ne2+ Kd3
67. Nf4+ Bxf4 1/2-1/2

[Event "Tal Memorial Blitz"]
[Site "Sochi RUS"]
[Date "2014.11.13"]
[EventDate "2014.11.13"]
[Round "5.5"]
[Result "1/2-1/2"]
[White "Boris Gelfand"]
[Black "Sergey Karjakin"]
[WhiteElo "2759"]
[BlackElo "2770"]
[PlyCount "92"]

1. d4 d5 2. c4 dxc4 3. Nf3 Nf6 4. e3 e6 5. Bxc4 a6 6. O-O c5
7. Bb3 cxd4 8. exd4 Nc6 9. Nc3 Be7 10. Re1 O-O 11. Bg5 Bd7
12. Qd3 Nb4 13. Qe2 Bc6 14. Rad1 Bd5 15. Nxd5 Nbxd5 16. Ne5
Rc8 17. Rd3 Qc7 18. Rg3 Kh8 19. Rh3 Kg8 20. Rg3 Kh8 21. Rh3
Kg8 22. Qd3 g6 23. Bh6 Rfd8 24. Qe2 Bb4 25. Rd1 Bf8 26. Bg5
Re8 27. Rf3 Be7 28. Bxd5 Nxd5 29. Rxf7 Qc2 30. Qxc2 Rxc2
31. Bxe7 Rxe7 32. Rxe7 Nxe7 33. Nd3 Nf5 34. h3 Nxd4 35. Ne5
Nc6 36. Nxc6 bxc6 37. b3 Rxa2 38. Rd6 Rc2 39. Rxe6 Kf7 40. Re4
Rc3 41. b4 Ra3 42. Rc4 Ra4 43. Rxc6 Rxb4 44. Rxa6 h5 45. g3
Kg7 46. Kg2 Rb3 1/2-1/2

[Event "Tal Memorial Blitz"]
[Site "Sochi RUS"]
[Date "2014.11.13"]
[EventDate "2014.11.13"]
[Round "7.6"]
[Result "1/2-1/2"]
[White "Sergey Karjakin"]
[Black "Peter Leko"]
[WhiteElo "2770"]
[BlackElo "2731"]
[PlyCount "113"]

1. Nf3 Nf6 2. g3 c5 3. c4 d5 4. cxd5 Nxd5 5. Bg2 Nc6 6. Nc3 g6
7. O-O Bg7 8. Nxd5 Qxd5 9. d3 O-O 10. Be3 Bd7 11. Nd4 Qd6
12. Nxc6 Bxc6 13. Bxc6 Qxc6 14. Rc1 Qa6 15. Rxc5 b6 16. Rc4
Qxa2 17. Rb4 Rac8 18. Qa1 Qxa1 19. Rxa1 Rc7 20. Kg2 Rd8
21. Ra6 h5 22. b3 Be5 23. Re4 Bd6 24. b4 Rdd7 25. b5 Rc2
26. Kf3 Rb2 27. Rc4 Rxb5 28. Rc8+ Kg7 29. Ra8 Ra5 30. Rxa5
bxa5 31. Bxa7 Bb4 32. Bb6 Rd5 33. d4 Rb5 34. Bc7 Be1 35. Kg2
Rb2 36. Kf1 Rb1 37. e3 Bb4+ 38. Kg2 Ra1 39. d5 f6 40. Bb6 a4
41. Bd4 Ra2 42. e4 a3 43. Ra4 Bd6 44. Kf3 Rc2 45. Ke3 g5
46. f4 gxf4+ 47. gxf4 a2 48. e5 fxe5 49. fxe5 Bc5 50. Bxc5
Rxc5 51. Rxa2 Rxd5 52. Ke4 Rd1 53. Kf5 Kf7 54. e6+ Kg7
55. Rg2+ Kf8 56. Rg5 Rf1+ 57. Kg6 1/2-1/2

[Event "Tal Memorial Blitz"]
[Site "Sochi RUS"]
[Date "2014.11.13"]
[EventDate "2014.11.13"]
[Round "9.2"]
[Result "0-1"]
[White "Sergey Karjakin"]
[Black "Ian Nepomniachtchi"]
[WhiteElo "2770"]
[BlackElo "2714"]
[PlyCount "94"]

1. Nf3 g6 2. d4 f5 3. c4 Nf6 4. Nc3 Bg7 5. g3 O-O 6. Bg2 d6
7. O-O c6 8. b3 a5 9. Bb2 Qc7 10. Qc2 e5 11. c5 e4 12. cxd6
Qxd6 13. Ne5 Be6 14. Rad1 Na6 15. f3 Nb4 16. Qc1 exf3 17. exf3
Nfd5 18. a3 Nxc3 19. Qxc3 Nd5 20. Qc1 f4 21. Rfe1 Ne3 22. Rd3
Bxe5 23. Rdxe3 fxe3 24. dxe5 Qd2 25. Rxe3 Rad8 26. Qc3 Qxc3
27. Bxc3 Rd1+ 28. Kf2 Rb1 29. Bxa5 Rb2+ 30. Re2 Rxb3 31. Bb4
Rc8 32. Re3 Rb2+ 33. Re2 Rxe2+ 34. Kxe2 c5 35. Bc3 Ra8 36. Bb2
Bd5 37. Bh3 b5 38. Ke3 b4 39. axb4 cxb4 40. Kd4 Bxf3 41. Be6+
Kf8 42. Bb3 Rd8+ 43. Ke3 Bd5 44. Bd1 Kf7 45. Bd4 Be6 46. h4 b3
47. Be2 Rxd4 0-1

[Event "Tal Memorial Blitz"]
[Site "Sochi RUS"]
[Date "2014.11.14"]
[EventDate "2014.11.13"]
[Round "12"]
[Result "1/2-1/2"]
[White "Alexander Morozevich"]
[Black "Sergey Karjakin"]
[WhiteElo "2724"]
[BlackElo "2770"]
[PlyCount "87"]

1. e4 e5 2. Nf3 Nc6 3. Nc3 Nf6 4. d4 exd4 5. Nxd4 Bb4 6. Nxc6
bxc6 7. Bd3 O-O 8. O-O d5 9. exd5 cxd5 10. h3 c6 11. Qf3 Re8
12. Bg5 h6 13. Bxf6 Qxf6 14. Qxf6 gxf6 15. Ne2 Bd6 16. Rad1
Be5 17. b3 Bd7 18. f4 Bc7 19. Ng3 Kf8 20. Nh5 Bd8 21. Rf3 a5
22. a4 Rb8 23. Rg3 f5 24. Rg7 Bb6+ 25. Kh2 Bd4 26. Rh7 Rb4
27. c4 Rxb3 28. cxd5 cxd5 29. Bb5 Bxb5 30. Rxd4 Bc4 31. Rxh6
Re4 32. Rd2 d4 33. Rc6 d3 34. Ng3 Be6 35. Rd6 Rxf4 36. R6xd3
Rxd3 37. Rxd3 Rxa4 38. Rf3 f4 39. Ne2 Bd5 40. Rc3 f3 41. Rc8+
Ke7 42. Nc3 Rd4 43. Nxd5+ Rxd5 44. gxf3 1/2-1/2

[Event "Tata Steel"]
[Site "Wijk aan Zee NED"]
[Date "2016.01.19"]
[EventDate "2016.01.15"]
[Round "4"]
[Result "1-0"]
[White "Sergey Karjakin"]
[Black "Evgeny Tomashevsky"]
[WhiteElo "2769"]
[BlackElo "2728"]
[PlyCount "72"]

1. e4 e5 2. Nf3 Nc6 3. Bc4 Bc5 4. O-O Nf6 5. d3 O-O 6. Nbd2 d6
7. c3 a5 8. h3 Be6 9. Re1 h6 10. Bb5 Ba7 11. Nf1 Ne7 12. Ng3
c6 13. Ba4 Ng6 14. Bc2 Qc7 15. d4 Rad8 16. Be3 Bb8 17. Bd3
Rfe8 18. Qc2 Qe7 19. Rad1 Bc7 20. c4 Bc8 21. a3 exd4 22. Nxd4
Qf8 23. f4 Nd7 24. Qf2 Nf6 25. Nf3 Re7 26. Kh1 Kh8 27. Bc2
Ree8 28. b4 axb4 29. axb4 d5 30. e5 Ne4 31. Bxe4 dxe4 32. Rxd8
Rxd8 33. Bc5 Qe8 34. Rxe4 Ne7 35. Nd4 b6 36. Bd6 Bxd6 1-0

[Event "Tata Steel"]
[Site "Wijk aan Zee NED"]
[Date "2016.01.22"]
[EventDate "2016.01.15"]
[Round "6"]
[Result "1/2-1/2"]
[White "Sergey Karjakin"]
[Black "Pavel Eljanov"]
[WhiteElo "2769"]
[BlackElo "2760"]
[PlyCount "55"]

1. d4 Nf6 2. c4 e6 3. g3 Bb4+ 4. Nd2 d5 5. Bg2 O-O 6. Ngf3 b6
7. O-O Bb7 8. b3 c5 9. Bb2 Nc6 10. cxd5 exd5 11. dxc5 Bxc5
12. Ne1 Qe7 13. Ndf3 Rfe8 14. Nd3 Ba3 15. Bxa3 Qxa3 16. Re1
Rac8 17. Qc1 Qd6 18. Qb2 d4 19. Nd2 Nd5 20. Ne4 Qe7 21. Rac1
Ncb4 22. Nxb4 Nxb4 23. Nd6 Qxd6 24. Bxb7 Rxc1 25. Rxc1 d3
26. exd3 Nxd3 27. Qd2 Qb8 28. Qxd3 1/2-1/2

[Event "Tata Steel"]
[Site "Wijk aan Zee NED"]
[Date "2016.01.23"]
[EventDate "2016.01.15"]
[Round "7"]
[Result "1/2-1/2"]
[White "David Navara"]
[Black "Sergey Karjakin"]
[WhiteElo "2730"]
[BlackElo "2769"]
[PlyCount "70"]

1. d4 Nf6 2. c4 e6 3. Nf3 d5 4. Nc3 c6 5. e3 Nbd7 6. Qc2 Bd6
7. Bd3 O-O 8. O-O e5 9. cxd5 cxd5 10. e4 exd4 11. Nxd5 Nxd5
12. exd5 h6 13. Rd1 Ne5 14. Nxd4 Bg4 15. Be2 Rc8 16. Qb3 Re8
17. Bf4 Qf6 18. Bg3 Bxe2 19. Nxe2 h5 20. Nd4 h4 21. Bxe5 Rxe5
22. h3 Re4 23. Qxb7 Rb8 24. Qxa7 Rxb2 25. Nf3 Ree2 26. Rf1 Bg3
27. Rad1 Rxa2 28. Qc5 Bxf2+ 29. Rxf2 Rxf2 30. Qxf2 Rxf2
31. Kxf2 Kf8 32. d6 Ke8 33. Rd4 g5 34. Re4+ Kd8 35. Re5 Qxd6
1/2-1/2

[Event "Tata Steel"]
[Site "Wijk aan Zee NED"]
[Date "2016.01.27"]
[EventDate "2016.01.15"]
[Round "10"]
[Result "0-1"]
[White "Sergey Karjakin"]
[Black "Michael Adams"]
[WhiteElo "2769"]
[BlackElo "2744"]
[PlyCount "62"]

1. d4 Nf6 2. Bf4 d5 3. e3 e6 4. Nf3 c5 5. c3 Nc6 6. Nbd2 Bd6
7. Bg3 O-O 8. Bd3 b6 9. Ne5 Bb7 10. f4 Ne7 11. Qf3 Nf5 12. Bf2
Be7 13. g4 Nd6 14. g5 Nfe4 15. O-O-O c4 16. Bc2 b5 17. Qh3 b4
18. Nxe4 dxe4 19. Be1 Bd5 20. Rg1 b3 21. axb3 cxb3 22. Bb1 f5
23. gxf6 Bxf6 24. Rg4 Nf5 25. Kd2 Qa5 26. Ke2 Bxe5 27. dxe5
Rad8 28. Kf2 Qa1 29. Bd2 Bc4 30. Qh5 Qxb2 31. Ke1 Rxd2 0-1

[Event "Tata Steel"]
[Site "Wijk aan Zee NED"]
[Date "2016.01.30"]
[EventDate "2016.01.15"]
[Round "12"]
[Result "1/2-1/2"]
[White "Sergey Karjakin"]
[Black "Anish Giri"]
[WhiteElo "2769"]
[BlackElo "2798"]
[PlyCount "60"]

1. b3 d5 2. Bb2 Bg4 3. g3 e6 4. Bg2 Nf6 5. h3 Bh5 6. Nf3 Nbd7
7. d3 Bd6 8. Nbd2 O-O 9. O-O c6 10. c4 a5 11. a3 e5 12. cxd5
cxd5 13. g4 Bg6 14. Nh4 Re8 15. Nxg6 hxg6 16. e3 Nc5 17. Qb1
d4 18. b4 axb4 19. axb4 Ne6 20. Rxa8 Qxa8 21. Nc4 Bxb4
22. Nxe5 Bc5 23. Nc4 Qa7 24. Bc1 Rb8 25. Qb5 g5 26. Bd2 dxe3
27. fxe3 Rd8 28. Qxb7 Qxb7 29. Bxb7 Rxd3 30. Kg2 Rb3 1/2-1/2